Famous land battles, from Agincourt to the six-day war /

Bibliographic Details
Main Author: Humble, Richard
Format: Book
Language:English
Published: Boston : Little, Brown, [1979]
Edition:1st American ed.
Subjects:

MARC

Tag First Indicator Second Indicator Subfields
LEADER 00000cam a2200000 i 4500
001 in00000061674
005 20151008050559.0
008 791031r1979 maua b 00110 eng
010 |a  79001527  
020 |a 0316381454 :  |c 17.50 
035 |a (OCoLC)05726254 
035 |9 AAG1928AM 
040 |a DLC  |c DLC  |d OCL  |d TXA  |d UtOrBLW 
049 |a TXAM  |c [1497328] 
050 0 0 |a D25  |b .H86 1979 
082 0 |a 904/.7 
100 1 |a Humble, Richard. 
245 1 0 |a Famous land battles, from Agincourt to the six-day war /  |c Richard Humble ; maps by David Worth and Jennifer Mexter. 
250 |a 1st American ed. 
264 1 |a Boston :  |b Little, Brown,  |c [1979] 
264 4 |c ©1979 
300 |a 184 pages :  |b illustrations (some color) ;  |c 31 cm. 
336 |a text  |b txt  |2 rdacontent 
337 |a unmediated  |b n  |2 rdamedia 
338 |a volume  |b nc  |2 rdacarrier 
500 |a Includes index. 
504 |a Bibliography: page 180. 
650 0 |a Battles. 
999 |a MARS 
999 f f |s 0bd4e8f7-679f-3980-8dac-f731376ce5b1  |i d704cd53-01ca-3e2d-bc12-769c4250856c  |t 0 
952 f f |p ric  |a Texas A&M University  |b Rellis Campus  |c Joint Library Facility  |d Remote Storage  |t 0  |e D25 .H86 1979  |h Library of Congress classification  |i unmediated -- volume  |m A14801869420 
998 f f |a D25 .H86 1979  |t 0  |l Remote Storage